000
00295nam a2200109Ia 4500
005
20251222142012.0
008
251222s9999||||xx |||||||||||||| ||spa||
082
_a
337.15/C76A
245
0
_a
El Arco del Pacífico Latinoamericano y su Proyección a Asia-Pacífico
264
_b
CEPAL
942
_c
LIB
999
_c
10347
_d
10347